| 000 | 00524nam a22001817a 4500 | ||
|---|---|---|---|
| 001 | T027600008621 | ||
| 008 | 181111b xve|||||r|||| 00| | esp d | ||
| 099 |
_aIVP-D-05156 _b |
||
| 100 | _aVALENCILLOS, J | ||
| 245 | _aProyecto Programa de Financiamiento. Plan Habitacional 600.000 Unidades de Vivienda 1997-2001. | ||
| 260 | _a | ||
| 500 | _a | ||
| 650 | _aHistoria Oral--Investigaciones--Caño Amarillo-Caracas | ||
| 650 | _aHistoria Local--Proyectos | ||
| 650 | _aVenezuela. | ||
| 650 | _aEspañol. | ||
| 942 | _cLIB | ||
| 999 |
_c9748 _d9748 |
||